[Event "4NCL/Div3/SCS vs. AD2"]
[Site "West Bromwich ENG"]
[Date "2003.11.22"]
[Round "1.2"]
[White "Broom, Mark"]
[Black "Clark, Stephen P"]
[Result "1-0"]
[WhiteElo "2170"]
[BlackElo "2133"]
[PlyCount "95"]
[EventDate "2003.11.22"]

1. c4 c6 2. Nc3 d5 3. d4 Nf6 4. e3 a6 5. a4 Bg4 6. Qb3 Ra7 7. a5 e6 8. Qb6 Qxb6
9. axb6 Ra8 10. c5 Nbd7 11. b4 Be7 12. f3 Bf5 13. g4 Bg6 14. h4 h6 15. b5 cxb5
16. Bxb5 O-O 17. Ba4 Nb8 18. Ba3 Rc8 19. Nge2 Nc6 20. Nf4 Bh7 21. Ra2 g5 22.
hxg5 hxg5 23. Nh5 Nxh5 24. gxh5 f5 25. Rg2 Kf7 26. Rf1 Bf6 27. Kd2 Ne7 28. Ne2
Rd8 29. Rc1 Rac8 30. Rgg1 Nc6 31. Rc3 e5 32. Bxc6 Rxc6 33. dxe5 Bxe5 34. Nd4
Rh6 35. Rxg5 Bf6 36. Rg2 Bxd4 37. exd4 f4 38. Rg5 Bb1 39. Rc1 Bh7 40. Re1 Re6
41. Reg1 Kf6 42. Rg7 Bf5 43. Rg8 Rde8 44. Rxe8 Rxe8 45. c6 bxc6 46. Bd6 Bc8 47.
h6 Kf5 48. Be5 1-0

[Event "4NCL/Div3/SCS vs. AD2"]
[Site "West Bromwich ENG"]
[Date "2003.11.22"]
[Round "1.3"]
[White "Reynolds, D Ian"]
[Black "Mangwengwende, John"]
[Result "0-1"]
[WhiteElo "2103"]
[BlackElo "2140"]
[PlyCount "152"]
[EventDate "2003.11.22"]

1. e4 e5 2. Nf3 Nc6 3. d4 exd4 4. Nxd4 Nf6 5. Nxc6 bxc6 6. e5 Qe7 7. Qe2 Nd5 8.
c4 Nb6 9. Nd2 a5 10. b3 a4 11. Bb2 axb3 12. axb3 Rxa1+ 13. Bxa1 Qa3 14. Qd1 Bb4
15. Be2 Qa2 16. Bd4 O-O 17. Be3 Re8 18. O-O Rxe5 19. Nf3 Re8 20. Bd3 g6 21. Ng5
Qb2 22. Bc2 Qe5 23. Ne4 Be7 24. Bd4 Qf4 25. g3 Qh6 26. Re1 Qf8 27. Qe2 f5 28.
Nd6 cxd6 29. Bxb6 Kf7 30. Bc7 Bb7 31. b4 d5 32. b5 Bb4 33. Qxe8+ Qxe8 34. Rxe8
Kxe8 35. cxd5 cxb5 36. Bb3 d6 37. Kf1 Kd7 38. Bb6 Bc5 39. Ba5 Ba6 40. f4 b4+
41. Kg2 Bd3 42. h4 Kc8 43. h5 gxh5 44. Kh3 h6 45. Bd1 Kb7 46. Kh4 Ka6 47. Bd8
Kb5 48. Bb3 Bf2 49. Bf6 Kc5 50. Bg7 Be4 51. Bxh6 Bxd5 52. Bc2 Be4 53. Bb3 Bf3
54. Bf8 Bg4 55. Be7 Be1 56. Bf8 Kc6 57. Ba4+ Kc7 58. Bb3 Bf3 59. Bc2 Bc3 60.
Kg5 Be4 61. Bb3 Be1 62. Kh4 d5 63. Bc5 Kc6 64. Be3 Bf3 65. Ba4+ Kd6 66. Bb3 Bg4
67. Ba7 Bc3 68. Kg5 d4 69. Bc4 Bd1 70. Kxf5 b3 71. Ke4 Bc2+ 72. Bd3 Bxd3+ 73.
Kxd3 Ke6 74. Bb8 Kf5 75. Bd6 b2 76. Kc2 d3+ 0-1

[Event "4NCL/Div3/SCS vs. AD2"]
[Site "West Bromwich ENG"]
[Date "2003.11.22"]
[Round "1.4"]
[White "Beveridge, Nigel"]
[Black "Lutton, E Josiah"]
[Result "0-1"]
[WhiteElo "2028"]
[BlackElo "2045"]
[PlyCount "90"]
[EventDate "2003.11.22"]

1. g3 e5 2. c4 Nc6 3. Bg2 f5 4. Nc3 Nf6 5. Rb1 Be7 6. a3 O-O 7. b4 Qe8 8. Nd5
Bd8 9. e3 f4 10. Bb2 d6 11. b5 Na5 12. Qa4 fxg3 13. Nxf6+ Bxf6 14. hxg3 Qg6 15.
Rc1 e4 16. Bxf6 Qxf6 17. f4 exf3 18. Bxf3 Qe5 19. Bd5+ Kh8 20. Ne2 c6 21. Bg2
Bg4 22. Nf4 Qb2 23. Qc2 Qxc2 24. Rxc2 Bf5 25. Rc3 g5 26. Ne2 c5 27. Bd5 Bg4 28.
Ng1 Kg7 29. Nh3 h6 30. Nf2 Bf3 31. Bxf3 Rxf3 32. Ne4 Re8 33. Ke2 g4 34. Nxd6
Re6 35. Rh4 h5 36. Nc8 Kg6 37. Rd3 Nxc4 38. Rc3 Ne5 39. Rxc5 Rxg3 40. d4 Nf3
41. d5 Nd4+ 42. Kd3 Rgxe3+ 43. Kc4 R6e4 44. Nd6 Rf4 45. b6 Nc6+ 0-1

[Event "4NCL/Div3/SCS vs. AD2"]
[Site "West Bromwich ENG"]
[Date "2003.11.22"]
[Round "1.5"]
[White "Mooring, Ross"]
[Black "Spanton, Timothy"]
[Result "1/2-1/2"]
[WhiteElo "2040"]
[BlackElo "2024"]
[PlyCount "80"]
[EventDate "2003.11.22"]

1. e4 c5 2. Nc3 Nc6 3. g3 g6 4. Bg2 Bg7 5. d3 Rb8 6. Be3 d6 7. Nge2 Nd4 8. Qd2
Bg4 9. Ng1 b5 10. h3 Bd7 11. f4 b4 12. Nd1 Ba4 13. Bxd4 cxd4 14. Ne2 Qc7 15.
Rc1 e6 16. O-O Ne7 17. Kh2 h5 18. c4 a5 19. Nf2 Bd7 20. Ng1 Bh6 21. h4 e5 22.
Nfh3 O-O 23. Nf3 Kg7 24. Rf2 Ng8 25. Kh1 Qc8 26. Nhg1 Nf6 27. Nh2 Qd8 28. Ne2
Ng4 29. Nxg4 Bxg4 30. Bf3 Qd7 31. Kh2 f6 32. Rcf1 Rf7 33. Qd1 Bxf3 34. Rxf3
Rbf8 35. f5 g5 36. R3f2 g4 37. Nc1 Bxc1 38. Qxc1 Qa4 39. b3 Qc6 40. a4 Rc7
1/2-1/2

[Event "4NCL/Div3/SCS vs. AD2"]
[Site "West Bromwich ENG"]
[Date "2003.11.22"]
[Round "1.6"]
[White "Pritchard, David"]
[Black "Hawrami, Dana"]
[Result "1/2-1/2"]
[WhiteElo "1864"]
[BlackElo "1840"]
[PlyCount "44"]
[EventDate "2003.11.22"]

1. e4 c5 2. d4 cxd4 3. c3 dxc3 4. Nxc3 Nc6 5. Nf3 d6 6. Bc4 e6 7. O-O a6 8. Qe2
Be7 9. Rd1 Qc7 10. Bf4 Nf6 11. Rac1 O-O 12. h3 Rb8 13. a4 Ne5 14. Ba2 Nxf3+ 15.
Qxf3 Qb6 16. Qe2 e5 17. Bg5 Be6 18. Bxf6 Bxf6 19. Bd5 Be7 20. Rd3 Rbc8 21. Rcd1
Qc7 22. Rg3 Bh4 1/2-1/2

[Event "4NCL/Div3/SCS vs. AD2"]
[Site "West Bromwich ENG"]
[Date "2003.11.22"]
[Round "1.7"]
[White "Lutton, J Arnold"]
[Black "Rea, Bill"]
[Result "1-0"]
[WhiteElo "1680"]
[BlackElo "1696"]
[PlyCount "121"]
[EventDate "2003.11.22"]

1. e4 e5 2. Nf3 Nc6 3. Bb5 a6 4. Ba4 Bc5 5. Nxe5 Bxf2+ 6. Kxf2 Nxe5 7. Qe2 c5
8. d3 b5 9. Bb3 Nf6 10. h3 Bb7 11. Nc3 O-O 12. Bg5 Nfg4+ 13. hxg4 Qxg5 14. Rh3
Nxg4+ 15. Kg1 Nh6 16. Rh5 Qg6 17. Bd5 Bxd5 18. Nxd5 Qg4 19. Qxg4 Nxg4 20. Ne7+
Kh8 21. Rxc5 Rfe8 22. Nd5 Rac8 23. Rxc8 Rxc8 24. c3 Ne5 25. d4 Nc6 26. e5 Kg8
27. Re1 Kf8 28. Nb6 Rd8 29. Nd5 Ne7 30. Nc7 Nc6 31. a3 Nb8 32. d5 Ke7 33. d6+
Kf8 34. Rf1 Kg8 35. Rf4 Rf8 36. Kf2 h6 37. Ke3 f6 38. exf6 Rxf6 39. Rxf6 gxf6
40. Kf4 Kg7 41. Kf5 Nc6 42. Ne8+ Kf7 43. Nxf6 Nb8 44. Nd5 Kg7 45. Nc7 Kf7 46.
g3 Kg7 47. Ne8+ Kf7 48. Nf6 Kg7 49. Ng4 Nc6 50. Nf6 Nb8 51. g4 Kf7 52. b3 a5
53. a4 b4 54. cxb4 axb4 55. a5 Kg7 56. g5 hxg5 57. Kxg5 Kf7 58. Kf5 Kf8 59. Nd5
Na6 60. Nc7 Nc5 61. a6 1-0

[Event "4NCL/Div3/SCS vs. AD2"]
[Site "West Bromwich ENG"]
[Date "2003.11.22"]
[Round "1.8"]
[White "McIntosh, Doreen"]
[Black "Atkins, Emma"]
[Result "1-0"]
[WhiteElo "1304"]
[BlackElo "1360"]
[PlyCount "103"]
[EventDate "2003.11.22"]

1. d4 Nf6 2. c4 e6 3. Nc3 Bb4 4. Nf3 O-O 5. Bg5 h6 6. Bh4 d6 7. e3 Nbd7 8. Bd3
b6 9. O-O Bxc3 10. bxc3 Bb7 11. Nd2 Qe8 12. f3 Ba6 13. Bg3 Nh5 14. Bf2 c5 15.
Qa4 Nb8 16. Qd1 d5 17. Qe2 Qc8 18. Rac1 Re8 19. f4 Nf6 20. Bh4 Nh7 21. Nf3 Nf8
22. Ne5 f6 23. Bxf6 Nfd7 24. Bxg7 Kxg7 25. Qg4+ Kf6 26. Qh4+ Kg7 27. Qh5 Re7
28. Qg6+ Kf8 29. Qxh6+ Ke8 30. Bg6+ Kd8 31. Bd3 Nxe5 32. fxe5 Kc7 33. Rf8 Re8
34. Rf7+ Nd7 35. Rcf1 Rb8 36. Qg6 Qd8 37. Rxd7+ Qxd7 38. Rf7 Re7 39. Rf6 Rbe8
40. cxd5 Rg7 41. d6+ Kd8 42. Qe4 Bb7 43. Qh4 Rxg2+ 44. Kf1 Kc8 45. Be4 Bxe4 46.
Qxe4 Qg7 47. Qxg2 Qxg2+ 48. Kxg2 Rg8+ 49. Kf2 Kd7 50. Rf7+ Kd8 51. Rxa7 cxd4
52. Ra8+ 1-0

[Event "4NCL/Div3/NLIB1 vs. SWD2"]
[Site "West Bromwich ENG"]
[Date "2003.11.22"]
[Round "1.1"]
[White "Williams, Leighton"]
[Black "Kett, Timothy"]
[Result "0-1"]
[WhiteElo "2362"]
[BlackElo "2145"]
[PlyCount "72"]
[EventDate "2003.11.22"]

1. e4 e5 2. Bc4 f5 3. d4 exd4 4. Nf3 fxe4 5. Ne5 d5 6. Qh5+ g6 7. Nxg6 Nf6 8.
Qe5+ Be7 9. Bb5+ c6 10. Nxh8 cxb5 11. Qg3 Be6 12. Qg7 Bb4+ 13. c3 dxc3 14. bxc3
Qe7 15. Qg5 Bd6 16. Ba3 Nbd7 17. Bxd6 Qxd6 18. a4 b4 19. cxb4 Qe5 20. Qxe5 Nxe5
21. O-O Kd7 22. f4 exf3 23. Nd2 Rxh8 24. Nxf3 Nxf3+ 25. Rxf3 Ne4 26. Rc1 Kd6
27. Rd3 Rc8 28. Rxc8 Bxc8 29. Kf1 Ke5 30. Ke1 d4 31. h3 Be6 32. g4 Bc4 33. Ra3
d3 34. h4 Kf4 35. g5 Kg4 36. h5 Kxh5 0-1

[Event "4NCL/Div3/NLIB1 vs. SWD2"]
[Site "West Bromwich ENG"]
[Date "2003.11.22"]
[Round "1.2"]
[White "Spice, Alan"]
[Black "Rees, Ioan"]
[Result "1-0"]
[WhiteElo "2181"]
[BlackElo "2189"]
[PlyCount "53"]
[EventDate "2003.11.22"]

1. Nc3 e5 2. e4 Nf6 3. Bc4 Nc6 4. d3 Na5 5. Nge2 c6 6. a3 Nxc4 7. dxc4 d6 8.
Qd3 Be7 9. Bg5 h6 10. Bxf6 Bxf6 11. O-O-O Be7 12. c5 Bg5+ 13. f4 exf4 14. Qf3
h5 15. h3 Qa5 16. cxd6 Bd7 17. Kb1 O-O-O 18. Nxf4 Bxf4 19. Qxf4 f6 20. Rhe1 Qe5
21. Qe3 Kb8 22. Na4 Bc8 23. Qd2 Rhe8 24. c4 Re6 25. c5 b5 26. Qb4 Ka8 27. Qa5
1-0

[Event "4NCL/Div3/NLIB1 vs. SWD2"]
[Site "West Bromwich ENG"]
[Date "2003.11.22"]
[Round "1.3"]
[White "Jones, Richard S"]
[Black "Trevelyan, John"]
[Result "1-0"]
[WhiteElo "2269"]
[BlackElo "2150"]
[PlyCount "87"]
[EventDate "2003.11.22"]

1. e4 d6 2. d4 e5 3. Nf3 Nd7 4. Bc4 c6 5. Ng5 Nh6 6. a4 exd4 7. Qxd4 Qf6 8.
Qxf6 gxf6 9. Nf3 Rg8 10. g3 Ne5 11. Be2 Nxf3+ 12. Bxf3 Bh3 13. Nc3 Ng4 14. Be2
Ne5 15. f4 Nd7 16. Be3 f5 17. Bf3 fxe4 18. Nxe4 d5 19. Nf2 Bf5 20. O-O-O Nc5
21. Rhe1 O-O-O 22. g4 Bd7 23. a5 f5 24. g5 Ne4 25. Nd3 Kb8 26. c3 c5 27. Bxe4
dxe4 28. Ne5 Kc7 29. Nxd7 Rxd7 30. Rxd7+ Kxd7 31. Rd1+ Kc6 32. Rd8 b6 33. axb6
axb6 34. Re8 Kd7 35. Ra8 Rh8 36. h4 Kc6 37. h5 Bg7 38. Ra7 Bf8 39. Rf7 Bd6 40.
Rxf5 Rf8 41. Rxf8 Bxf8 42. f5 Kd5 43. h6 Ke5 44. g6 1-0

[Event "4NCL/Div3/NLIB1 vs. SWD2"]
[Site "West Bromwich ENG"]
[Date "2003.11.22"]
[Round "1.4"]
[White "Sully, David"]
[Black "Borg, Andrew"]
[Result "1/2-1/2"]
[WhiteElo "2064"]
[BlackElo "2123"]
[PlyCount "36"]
[EventDate "2003.11.22"]

1. d4 d5 2. Nf3 c6 3. e3 Nf6 4. c4 e6 5. Nbd2 Nbd7 6. Bd3 Be7 7. b3 O-O 8. Bb2
b6 9. O-O Bb7 10. Qe2 Rc8 11. Rad1 Re8 12. Ne5 c5 13. f4 cxd4 14. exd4 dxc4 15.
bxc4 Qc7 16. Ndf3 h6 17. Rc1 Bd6 18. Kh1 Qd8 1/2-1/2

[Event "4NCL/Div3/NLIB1 vs. SWD2"]
[Site "West Bromwich ENG"]
[Date "2003.11.22"]
[Round "1.5"]
[White "Morris, Gareth"]
[Black "Brown, Alan M"]
[Result "1/2-1/2"]
[WhiteElo "2137"]
[BlackElo "2128"]
[PlyCount "80"]
[EventDate "2003.11.22"]

1. d4 Nf6 2. c4 e6 3. Nc3 Bb4 4. e3 c5 5. Nge2 cxd4 6. exd4 d5 7. a3 Be7 8. Ng3
O-O 9. Bd3 Nc6 10. Be3 dxc4 11. Bxc4 b6 12. O-O Bb7 13. f3 Rc8 14. Ba2 Na5 15.
Nge2 Nc4 16. Bc1 Nd5 17. Qd3 Nxc3 18. bxc3 Qc7 19. Bf4 Qc6 20. a4 Rfd8 21. Bb1
g6 22. Kh1 e5 23. Bc1 Bf6 24. Qd1 Qd7 25. Qb3 exd4 26. cxd4 Qe7 27. Bd3 Na5 28.
Qb1 Qe6 29. Ra3 Be7 30. Nf4 Qf6 31. Ra2 Qxd4 32. Re2 Bd6 33. Be4 Bxf4 34. Bxf4
Bxe4 35. Rxe4 Qd3 36. Qa1 Qc3 37. Qa2 Qb3 38. Qa1 Qc3 39. Qa2 Qb3 40. Qa1 Qc3
1/2-1/2

[Event "4NCL/Div3/NLIB1 vs. SWD2"]
[Site "West Bromwich ENG"]
[Date "2003.11.22"]
[Round "1.6"]
[White "Adams, Mark A"]
[Black "Gandy, Andrew"]
[Result "1/2-1/2"]
[WhiteElo "1973"]
[BlackElo "2104"]
[PlyCount "69"]
[EventDate "2003.11.22"]

1. e4 c5 2. Nf3 e6 3. d4 cxd4 4. Nxd4 a6 5. Nc3 b5 6. a3 Bb7 7. Be3 Qc7 8. Bd3
Nf6 9. f3 Nc6 10. Nxc6 Bxc6 11. Qe2 d5 12. Bg5 dxe4 13. Nxe4 Nxe4 14. Bxe4 Bc5
15. Bd3 O-O 16. Be3 Qe5 17. Bxc5 Qxc5 18. Rb1 e5 19. Qf2 Qxf2+ 20. Kxf2 f5 21.
c4 Rad8 22. Rhd1 e4 23. cxb5 axb5 24. Be2 Kf7 25. Rxd8 Rxd8 26. Rc1 exf3 27.
gxf3 Bd7 28. Rc5 Rb8 29. b4 Ke6 30. Ke3 g6 31. f4 Kd6 32. Bd3 Bc6 33. Kd4 Rb7
34. Be2 Rb8 35. Bd3 1/2-1/2

[Event "4NCL/Div3/NLIB1 vs. SWD2"]
[Site "West Bromwich ENG"]
[Date "2003.11.22"]
[Round "1.7"]
[White "Ralphs, Nigel"]
[Black "Powell, Lloyd"]
[Result "0-1"]
[WhiteElo "2001"]
[BlackElo "1992"]
[PlyCount "82"]
[EventDate "2003.11.22"]

1. e4 c5 2. Nf3 d6 3. d4 cxd4 4. Nxd4 Nf6 5. Nc3 a6 6. Be3 e6 7. g4 Be7 8. g5
Nfd7 9. h4 b5 10. Qd2 Bb7 11. f3 Nc6 12. O-O-O b4 13. Nce2 Nde5 14. Nxc6 Nxc6
15. Nd4 d5 16. Nxc6 Bxc6 17. Bd4 dxe4 18. Bxg7 Qxd2+ 19. Rxd2 Rg8 20. Be5 exf3
21. Bd3 f5 22. gxf6 Bc5 23. Bxh7 f2 24. Bxg8 Bxh1 25. f7+ Kf8 26. Rxf2 Bxf2 27.
Bd6+ Kg7 28. f8=Q+ Rxf8 29. Bxf8+ Kxg8 30. Bxb4 Bxh4 31. Bd6 Bg5+ 32. Kb1 Kf7
33. c4 Be4+ 34. Ka1 Ke8 35. a4 Kd7 36. c5 Bc2 37. a5 Bd2 38. Ka2 Bxa5 39. Ka3
Kc6 40. b4 Bd8 41. Kb2 Be4 0-1

[Event "4NCL/Div3/NLIB1 vs. SWD2"]
[Site "West Bromwich ENG"]
[Date "2003.11.22"]
[Round "1.8"]
[White "Wilson, Julie"]
[Black "Jury, Rachel"]
[Result "1-0"]
[WhiteElo "1720"]
[BlackElo "1250"]
[PlyCount "79"]
[EventDate "2003.11.22"]

1. d4 d5 2. c4 Nf6 3. Nf3 Nc6 4. Nc3 e6 5. a3 Bd6 6. Bg5 e5 7. cxd5 e4 8. Nxe4
Be7 9. Nxf6+ gxf6 10. Bxf6 Bxf6 11. dxc6 Rg8 12. e3 Qd5 13. Rc1 Qa5+ 14. Qd2
Qa4 15. cxb7 Bxb7 16. Rxc7 Be4 17. Qc3 Bd8 18. Rc5 Rb8 19. Re5+ Kf8 20. Qc5+
Kg7 21. Rxe4 Rxb2 22. Rg4+ Kh8 23. Rxg8+ Kxg8 24. Nd2 Ba5 25. Ke2 Rxd2+ 26. Kf3
Bd8 27. Be2 Qb3 28. Rc1 Qb7+ 29. e4 Qb3+ 30. Qc3 Qa2 31. Qe3 Bf6 32. e5 Qd5+
33. Kg3 Rxd4 34. Rc8+ Bd8 35. Qg5+ Kf8 36. Bc4 Qd7 37. Qh6+ Ke7 38. Qf6+ Kf8
39. Rxd8+ Qxd8 40. Qxf7# 1-0

[Event "4NCL/Div3/WES2 vs. HKF1"]
[Site "West Bromwich ENG"]
[Date "2003.11.22"]
[Round "1.1"]
[White "Hopkins, Jamie R"]
[Black "Hebden, Mark L"]
[Result "0-1"]
[WhiteElo "2136"]
[BlackElo "2560"]
[PlyCount "80"]
[EventDate "2003.11.22"]

1. c4 g6 2. g3 Bg7 3. Bg2 Nf6 4. Nc3 O-O 5. e3 e6 6. Nge2 d5 7. cxd5 exd5 8. d4
Nc6 9. O-O Re8 10. Nf4 Ne7 11. b3 c6 12. Bb2 Nf5 13. Qd2 h5 14. Nd3 Bh6 15. Ne5
Ng4 16. Nxg4 hxg4 17. Rfe1 Nd6 18. Ba3 Bf5 19. Bxd6 Qxd6 20. Qb2 a5 21. Rad1
Bg7 22. Qc1 Bf6 23. Nb1 a4 24. Qc3 axb3 25. Qxb3 Ra7 26. Rd2 Kg7 27. Bf1 Rea8
28. Bg2 Ra4 29. Rb2 R8a7 30. Rc1 Be7 31. Qb6 Qd8 32. Qxd8 Bxd8 33. Nc3 Ra3 34.
e4 dxe4 35. Nxe4 Be7 36. Nc5 Bxc5 37. dxc5 Be6 38. Rcb1 Bxa2 39. Rd1 Be6 40.
Rdb1 Bf5 0-1

[Event "4NCL/Div3/WES2 vs. HKF1"]
[Site "West Bromwich ENG"]
[Date "2003.11.22"]
[Round "1.2"]
[White "Summerscale, Aaron"]
[Black "Rutter, Nicholas"]
[Result "1/2-1/2"]
[WhiteElo "2492"]
[BlackElo "2124"]
[PlyCount "47"]
[EventDate "2003.11.22"]

1. d4 d5 2. Bf4 c6 3. e3 Nf6 4. c4 Bf5 5. Nc3 e6 6. Qb3 Qb6 7. c5 Qxb3 8. axb3
Nbd7 9. b4 Nh5 10. Be2 Nxf4 11. exf4 Be7 12. b5 O-O 13. Nf3 f6 14. b4 g5 15. g3
gxf4 16. gxf4 e5 17. Kd2 Bd8 18. b6 a6 19. Rhg1+ Kh8 20. fxe5 fxe5 21. Nxe5
Nxe5 22. dxe5 Bh4 23. f4 d4 24. Nd1 1/2-1/2

[Event "4NCL/Div3/WES2 vs. HKF1"]
[Site "West Bromwich ENG"]
[Date "2003.11.22"]
[Round "1.3"]
[White "Pye, David E"]
[Black "Baker, Christopher W"]
[Result "1/2-1/2"]
[WhiteElo "2132"]
[BlackElo "2369"]
[PlyCount "51"]
[EventDate "2003.11.22"]

1. e4 c5 2. c3 e6 3. d4 d5 4. e5 Nc6 5. Nf3 Qb6 6. Qb3 cxd4 7. Qxb6 axb6 8.
cxd4 Nb4 9. Na3 Bd7 10. Be2 Rxa3 11. bxa3 Nc2+ 12. Kd2 Nxa1 13. Bb2 Nh6 14.
Rxa1 Be7 15. Rb1 O-O 16. Bc1 Bd8 17. Bb5 Bc6 18. a4 Bc7 19. Kd3 Ng4 20. Ke2 Ra8
21. h3 Nh6 22. Bxh6 gxh6 23. Rc1 Bd8 24. Rc2 Rc8 25. Kd3 Kf8 26. g3 1/2-1/2

[Event "4NCL/Div3/WES2 vs. HKF1"]
[Site "West Bromwich ENG"]
[Date "2003.11.22"]
[Round "1.4"]
[White "Cooper, Lawrence"]
[Black "Pleasants, Allan J"]
[Result "1-0"]
[WhiteElo "2322"]
[BlackElo "2107"]
[PlyCount "37"]
[EventDate "2003.11.22"]

1. e4 e6 2. d4 d5 3. Nd2 Nf6 4. e5 Nfd7 5. f4 c5 6. c3 Nc6 7. Ndf3 cxd4 8. cxd4
Qb6 9. h4 Bb4+ 10. Kf2 f6 11. Be3 O-O 12. a3 Be7 13. b4 Qd8 14. g3 Nb6 15. Bd3
Bd7 16. Bxh7+ Kxh7 17. Ng5+ Kg6 18. f5+ Kxf5 19. g4+ 1-0

[Event "4NCL/Div3/WES2 vs. HKF1"]
[Site "West Bromwich ENG"]
[Date "2003.11.22"]
[Round "1.5"]
[White "Tunks, Dominic"]
[Black "Greet, Andrew N"]
[Result "1/2-1/2"]
[WhiteElo "2024"]
[BlackElo "2305"]
[PlyCount "41"]
[EventDate "2003.11.22"]

1. e4 c5 2. c4 g6 3. Nf3 Bg7 4. d4 cxd4 5. Nxd4 Nc6 6. Be3 Nf6 7. Nc3 Ng4 8.
Qxg4 Nxd4 9. Qd1 Ne6 10. Be2 Bxc3+ 11. bxc3 Qa5 12. O-O Qxc3 13. c5 O-O 14. Rb1
Qe5 15. Qd5 Qxd5 16. exd5 Ng7 17. g4 b6 18. d6 exd6 19. Bf3 Ba6 20. Rfd1 d5 21.
cxb6 1/2-1/2

[Event "4NCL/Div3/WES2 vs. HKF1"]
[Site "West Bromwich ENG"]
[Date "2003.11.22"]
[Round "1.6"]
[White "Noyce, Robert"]
[Black "Marsh, Roger"]
[Result "1/2-1/2"]
[WhiteElo "2181"]
[BlackElo "2082"]
[PlyCount "27"]
[EventDate "2003.11.22"]

1. e4 c6 2. Nc3 d5 3. Qf3 dxe4 4. Nxe4 Nd7 5. d4 Ngf6 6. Bc4 e6 7. Bg5 h6 8.
Nxf6+ Nxf6 9. Bxf6 Qxf6 10. Qxf6 gxf6 11. O-O-O Bd6 12. Nf3 Bd7 13. Rhe1 O-O-O
14. g3 1/2-1/2

[Event "4NCL/Div3/WES2 vs. HKF1"]
[Site "West Bromwich ENG"]
[Date "2003.11.22"]
[Round "1.7"]
[White "Norman, Dinah"]
[Black "Fowler, Simon"]
[Result "1/2-1/2"]
[WhiteElo "2022"]
[BlackElo "2119"]
[PlyCount "72"]
[EventDate "2003.11.22"]

1. d4 d5 2. Nf3 c6 3. Bf4 e6 4. c3 Ne7 5. e3 Ng6 6. Bg3 Bd6 7. Be2 O-O 8. Nbd2
Re8 9. Bxd6 Qxd6 10. O-O e5 11. dxe5 Nxe5 12. Nxe5 Qxe5 13. Re1 Nd7 14. Nf1 Nf6
15. Qd4 Bf5 16. Qxe5 Rxe5 17. Rad1 Re7 18. c4 Be6 19. cxd5 Bxd5 20. a3 Rd7 21.
Ng3 Rad8 22. Nf5 g6 23. Nd4 c5 24. Nb5 a6 25. Nc3 Bb3 26. Rxd7 Rxd7 27. Bd1
Bxd1 28. Rxd1 Rxd1+ 29. Nxd1 Ne4 30. Kf1 Kf8 31. Ke2 Ke7 32. f3 Nd6 33. e4 Nc4
34. Kd3 b5 35. Kc3 Ke6 36. a4 Nd6 1/2-1/2

[Event "4NCL/Div3/WES2 vs. HKF1"]
[Site "West Bromwich ENG"]
[Date "2003.11.22"]
[Round "1.8"]
[White "Lazarevic, Ljubica"]
[Black "Ferrington, Nigel"]
[Result "0-1"]
[WhiteElo "1664"]
[BlackElo "1912"]
[PlyCount "122"]
[EventDate "2003.11.22"]

1. e4 c5 2. Nc3 d6 3. f4 a6 4. Nf3 Nf6 5. d3 Nc6 6. g3 g6 7. Bg2 Bg7 8. O-O O-O
9. Bd2 Bd7 10. Qc1 b5 11. a3 Rc8 12. Nh4 Nd4 13. Nf3 Ng4 14. Re1 b4 15. Ne2
Nxf3+ 16. Bxf3 Qb6 17. c3 bxa3 18. Rxa3 c4+ 19. d4 e5 20. Bxg4 Bxg4 21. Be3 Qb7
22. fxe5 Qxe4 23. exd6 Rce8 24. Nf4 Bh6 25. Ng2 Bh3 26. Qd2 Bxg2 27. Qxg2 Bxe3+
28. Kh1 Qxg2+ 29. Kxg2 Bh6 30. Raa1 Rxe1 31. Rxe1 Rd8 32. Ra1 Rxd6 33. Ra4 Rb6
34. Rxc4 Rxb2+ 35. Kh3 Kg7 36. Ra4 Rc2 37. c4 Be3 38. d5 Bg1 39. d6 h5 40. g4
Rxh2+ 41. Kg3 h4+ 42. Kf3 Rd2 43. Ra1 Bc5 44. Rxa6 Rxd6 45. Ra1 Rd4 46. Rc1 Kh6
47. Rc2 Kg5 48. Re2 Rf4+ 49. Kg2 Rxg4+ 50. Kh3 Rxc4 51. Rg2+ Kh5 52. Rd2 Bd4
53. Re2 f5 54. Re1 Rc3+ 55. Kh2 Rb3 56. Re7 Kg4 57. Re1 Bf2 58. Rf1 Bg3+ 59.
Kh1 h3 60. Rg1 Re3 61. Rxg3+ Kxg3 0-1

[Event "4NCL/Div3/GUI3 vs. BRI2"]
[Site "West Bromwich ENG"]
[Date "2003.11.22"]
[Round "1.1"]
[White "Briscoe, Christopher"]
[Black "Easton, Alex"]
[Result "1-0"]
[WhiteElo "2192"]
[BlackElo "2091"]
[PlyCount "75"]
[EventDate "2003.11.22"]

1. e4 e6 2. d4 d5 3. Nd2 Nf6 4. e5 Nfd7 5. c3 c5 6. f4 Nc6 7. Ndf3 Qb6 8. g3
cxd4 9. cxd4 Be7 10. Kf2 g5 11. Ne2 gxf4 12. gxf4 f6 13. Kg2 Rg8+ 14. Ng3 Nf8
15. h4 Bd7 16. a3 O-O-O 17. b4 fxe5 18. fxe5 Be8 19. h5 Kb8 20. Be3 Rc8 21. Qd2
Nd8 22. Kh2 Bb5 23. Bh3 Nc6 24. Ne2 Bxe2 25. Qxe2 Qd8 26. Rhg1 Rxg1 27. Rxg1
Qe8 28. Ne1 Bd8 29. Nd3 Bb6 30. Nc5 Bxc5 31. bxc5 Qf7 32. Qg4 Ne7 33. Rf1 Qg8
34. Qxg8 Nxg8 35. Rf7 Re8 36. Bg5 a6 37. Rg7 h6 38. Bh4 1-0

[Event "4NCL/Div3/GUI3 vs. BRI2"]
[Site "West Bromwich ENG"]
[Date "2003.11.22"]
[Round "1.2"]
[White "Chaplin, Peter"]
[Black "Norman, Kenneth I"]
[Result "1/2-1/2"]
[WhiteElo "2072"]
[BlackElo "2155"]
[PlyCount "89"]
[EventDate "2003.11.22"]

1. Nc3 Nf6 2. g3 d5 3. Bg2 e5 4. d3 c6 5. Nf3 Bd6 6. O-O O-O 7. e4 dxe4 8. dxe4
Na6 9. Qe2 Nc5 10. Rd1 Qe7 11. h3 Re8 12. Bg5 h6 13. Bxf6 Qxf6 14. b4 Nd7 15.
a3 a5 16. Na2 axb4 17. axb4 Qe7 18. Qd2 Bc7 19. c4 Nf6 20. Re1 Nh7 21. Qb2 Qf6
22. Kh2 Be6 23. c5 Red8 24. Nc3 Ng5 25. Nxg5 Qxg5 26. Rxa8 Rxa8 27. Rd1 Qf6 28.
Kg1 Qe7 29. Rc1 b6 30. Nd5 Bxd5 31. exd5 bxc5 32. bxc5 cxd5 33. Bxd5 Ra5 34.
Qb7 g6 35. Qc6 Kg7 36. Bg2 Kh7 37. Qd5 Kg7 38. Qc4 Qf6 39. c6 Qd6 40. h4 h5 41.
Qb3 Qd4 42. Rd1 Ra1 43. Rxa1 Qxa1+ 44. Bf1 Qd4 45. Qc4 1/2-1/2

[Event "4NCL/Div3/GUI3 vs. BRI2"]
[Site "West Bromwich ENG"]
[Date "2003.11.22"]
[Round "1.3"]
[White "Taylor, Mark V"]
[Black "White, Michael"]
[Result "0-1"]
[WhiteElo "2133"]
[BlackElo "2068"]
[PlyCount "44"]
[EventDate "2003.11.22"]

1. d4 Nf6 2. c4 g6 3. Nc3 Bg7 4. e4 d6 5. f4 O-O 6. Be2 Na6 7. Nf3 e5 8. fxe5
dxe5 9. d5 Nc5 10. Qc2 Nfxe4 11. Nxe4 Bf5 12. Bd3 Bxe4 13. Bxe4 f5 14. Bxf5
Rxf5 15. Be3 e4 16. Bxc5 exf3 17. O-O Qg5 18. Rae1 Be5 19. Kh1 Bxh2 20. Kxh2
Qh4+ 21. Kg1 Rh5 22. Qe4 f2+ 0-1

[Event "4NCL/Div3/GUI3 vs. BRI2"]
[Site "West Bromwich ENG"]
[Date "2003.11.22"]
[Round "1.4"]
[White "Stock, Toby"]
[Black "Shepley, Julien M"]
[Result "1/2-1/2"]
[WhiteElo "2048"]
[BlackElo "2112"]
[PlyCount "85"]
[EventDate "2003.11.22"]

1. d4 d5 2. c4 e6 3. Nc3 c5 4. cxd5 cxd4 5. Qa4+ Bd7 6. Qxd4 exd5 7. Qxd5 Nc6
8. e3 Nf6 9. Qd1 Bc5 10. Be2 Qe7 11. Nf3 g5 12. O-O g4 13. Nd4 O-O-O 14. b4
Bxb4 15. Bb2 Rhg8 16. Ncb5 Kb8 17. Rc1 Rg6 18. Qa4 a6 19. Nxc6+ Bxc6 20. Rxc6
axb5 21. Qxb5 Rd5 22. Bxf6 Rxb5 23. Bxe7 bxc6 24. Bxb5 Bxe7 25. Bd3 Rg7 26. f4
gxf3 27. Rxf3 h5 28. Bc4 f6 29. Rh3 Rg4 30. Bf7 h4 31. Rf3 Re4 32. Kf2 Bc5 33.
Ke2 Kc7 34. Kd3 Rg4 35. Rf2 Bd6 36. h3 Rg3 37. Re2 f5 38. Kd4 Kd7 39. Rf2 c5+
40. Kd3 f4 41. Rf3 fxe3 42. Rxg3 Bxg3 43. Kxe3 1/2-1/2

[Event "4NCL/Div3/GUI3 vs. BRI2"]
[Site "West Bromwich ENG"]
[Date "2003.11.22"]
[Round "1.5"]
[White "Hill, David F"]
[Black "Boyce, G Michael"]
[Result "0-1"]
[WhiteElo "2049"]
[BlackElo "2000"]
[PlyCount "55"]
[EventDate "2003.11.22"]

1. c4 c5 2. g3 g6 3. Bg2 Bg7 4. Nc3 Nc6 5. Nf3 e6 6. d4 cxd4 7. Nb5 d5 8. Qa4
Nge7 9. cxd5 Nxd5 10. Nbxd4 Bd7 11. Qd1 Nxd4 12. Nxd4 Qa5+ 13. Bd2 Qb6 14. Nc2
Bc6 15. e4 Nf6 16. Bc3 Rd8 17. Qe2 O-O 18. a4 Nd7 19. Bxg7 Kxg7 20. b4 Ne5 21.
O-O a6 22. Rfb1 Rd3 23. b5 axb5 24. axb5 Bd7 25. Ne1 Rd4 26. Qb2 Kg8 27. Nc2
Rd2 28. Qc3 0-1